01035 a2200169 45000010006000000050017000060080041000230030015000640400040000790800070001192450074001890200018002632640028002813000019003095050509003281000028008373712920260407155641.0260407a1991 arg spa dAR-UNSa-BCEJYS aAR-UNSa-BCEJYSbspacAR-UNSa-BCEJYS a658.56xControl de la calidad. Control de herramientas y material10aEl control total de la calidadpcomo estrategia de comercialización a958-653-017-5 1aColombia :bLegisc1991 a350 p.c24 cm. a1. Desarrollo integral y calidad - 2. Calidad y comercio interncional - 3. Integración, desarrollo y calidad - 4. Investigación sobre la calidad en el grupo andino - 5. Investigación y calidad en el mercado - 6. El control total de la calidad - 7. La calidad como modelo de gestión gerencial - 8. El sistema participativo en la gestión gerencial - 9. Calidad de diseño - 10. Calidad y análisis del valor - 11. La normzalización en la empresa - 12. Certificación y garantía de calidad.1 aGomez Saavedra, Eduardo